• 首页
  • 本馆介绍
  • 公告通知
  • 最新文献
  • 馆藏检索
  • 电子资源
  • 读者导购
  • 参考咨询
  • 我的图书馆
  • 登录
  • 详细信息显示
  • 放入我的书架
  • 预约/预借图书
  • 作者相关作品
  • 分类相关作品
  • 丛书相关作品
  • 出版社相关作品

书目信息

  • 表格格式
  • 工作单格式
  • 卡片格式
题名:
数学实验
    
 
作者: 王向东 , 戎海武 , 文翰 编著
分册:  
出版信息: 北京   高等教育出版社  2004
页数: 306页
开本: 23cm
丛书名:
单 册:
中图分类: O13-33
科图分类:
主题词: 高等数学--实验--高等学校--教材 , 高等数学
电子资源:
ISBN: 978-7-04-013999-0
000 01001nam0 2200277 45
001 1130172000
005 20110309142915.26
010    @a978-7-04-013999-0@dCNY23.10
100    @a20110107e20102004em y0chiy0110 ea
101 0  @achi
102    @aCN@b110000
105    @ay z 000yy
106    @ar
200 1  @a数学实验@AShu Xue Shi Yan@f王向东,戎海武,文翰编著@FWang Xiang Dong, Rong Hai Wu, Wen Han Bian Zhu
210    @a北京@c高等教育出版社@d2004@h2010
215    @a306页@d23cm
300    @a教育科学“十五”国家规划课题研究成果
330    @a该书分三篇。第一篇是数学实验概述,包括数学实验的概念、特点等;第二篇是高等数学实验,由18个各自独立的实验组成;第三篇是数学建模实验,由15个独立的综合建模实验组成。
606 0  @a高等数学@x实验@x高等学校@j教材
606 0  @a高等数学
690    @aO13-33@v4
701  0 @a王向东@AWang Xiang Dong@4编著
701  0 @a戎海武@ARong Hai Wu@4编著
701  0 @a文翰@AWen Han@4编著
801  0 @aCN@bTANGWEI@c20110309
905    @b0530105-09@dO13-33@e421@f5
    
    数学实验/王向东,戎海武,文翰编著.-北京:高等教育出版社,2004(2010)
    306页;23cm
    教育科学“十五”国家规划课题研究成果
    
    ISBN 978-7-04-013999-0:CNY23.10
    该书分三篇。第一篇是数学实验概述,包括数学实验的概念、特点等;第二篇是高等数学实验,由18个各自独立的实验组成;第三篇是数学建模实验,由15个独立的综合建模实验组成。
●
相关链接 在E读中查询图书 在五车中查询图书 在当当中查询图书 在豆瓣中查询图书


正题名:数学实验     索取号:O13-33/421         预约/预借

序号 登录号 条形码 馆藏地/架位号 状态 备注
1 0530105   205301056   第二样本阅览室/ [索取号:O13-33/421] 在馆    
2 0530106   205301065   第三借阅区/ [索取号:O13-33/421] 在馆    
3 0530107   205301074   第三借阅区/ [索取号:O13-33/421] 在馆    
4 0530108   205301083   第三借阅区/ [索取号:O13-33/421] 在馆    
5 0530109   205301092   密集书库-数信学院/ [索取号:O13-33/421] 在馆    
唐山师范学院图书馆 欢迎您!
大连网信软件有限公司© 版权所有